Blízká budoucnost podle Druckera
Prezentácia názorov P.F. Druckera na budúcnosť, ako ich publikoval vo svojich esejách. Úvaha o budúcej spoločnosti. Sociálna štruktúra spoločnosti. Úvahy o starnutí svetovej spoločnosti. Spoločnosť znalostí. Zmena vlastností inštitúcie.
Gespeichert in:
| 1. Verfasser: | |
|---|---|
| Format: | Buchkapitel |
| Sprache: | Tschechisch |
| Schlagworte: | |
| Tags: |
Keine Tags, Fügen Sie das erste Tag hinzu!
|
MARC
| LEADER | 00000naa$a2200000$$$4500 | ||
|---|---|---|---|
| 001 | 0003384 | ||
| 005 | 20231004104311.8 | ||
| 041 | 0 | |a cze | |
| 044 | |a CZ | ||
| 245 | 1 | 0 | |a Blízká budoucnost podle Druckera |c aut. Jiří Skalický |
| 520 | |a Prezentácia názorov P.F. Druckera na budúcnosť, ako ich publikoval vo svojich esejách. Úvaha o budúcej spoločnosti. Sociálna štruktúra spoločnosti. Úvahy o starnutí svetovej spoločnosti. Spoločnosť znalostí. Zmena vlastností inštitúcie. | ||
| 610 | 2 | 0 | |a vízie |
| 610 | 2 | 0 | |a spoločnosť |
| 610 | 2 | 0 | |a spoločnosť vedomostná |
| 610 | 2 | 0 | |a svet |
| 610 | 2 | 0 | |a štruktúra sociálna |
| 610 | 2 | 0 | |a vedomosti |
| 610 | 2 | 0 | |a vzdelávanie |
| 610 | 2 | 0 | |a inštitúcia |
| 610 | 2 | 0 | |a transformácia |
| 610 | 2 | 0 | |a rozvoj sociálno-ekonomický |
| 100 | 1 | |a Skalický, Jiří | |